000 00486nas a2200181 a 4500
001 64081
003 136733
005 20230328192256.0
008 ||||||s1999 ck ||| ||spa d
040 _aCO-BoESAP
_bspa
_cCO-BoESAP
041 _aspa
245 0 _aAnálisis Político - No.36
260 _aBogotá :
_bUniversidad Nacional de Colombia,
_c1999.
562 _e3
773 _016715
_aAnálisis Político :
942 _cSISS
_2ddc
999 _c64081
_d64081